Movies Quiz

Random Movies or Celebrity Quiz

Movie Couples Reunite! Quiz Stats

 Plays Quiz Updated Dec 9, 2015

Support Sporcle.
Go Orange.
Score 0/20 Timer 06:00
1 Play Today
% Correct
Pretty Woman - Julia Roberts & Richard Gere
95.3%
Titanic - Kate Winslet & Leonardo DiCaprio
92.2%
Mr. & Mrs. Smith - Brad Pitt & Angelina Jolie
90.5%
Cast Away - Tom Hanks & Wilson
87.3%
The Wedding Singer - Drew Barrymore & Adam Sandler
85.7%
Grease - John Travolta & Olivia Newton-John
85.6%
When Harry Met Sally... - Meg Ryan & Billy Crystal
83.3%
Speed - Keanu Reeves & Sandra Bullock
81.6%
The Sound of Music - Julie Andrews & Christopher Plummer
74.8%
Walk the Line - Reese Witherspoon & Joaquin Phoenix
73.4%
% Correct
Vacation - Chevy Chase & Beverly D'Angelo
67%
Romeo + Juliet - Claire Danes & Leonardo DiCaprio
62.1%
The Princess Bride - Cary Elwes & Robin Wright
59.8%
Top Gun - Tom Cruise & Kelly McGillis
57.8%
Overboard - Goldie Hawn & Kurt Russell
54.7%
Basic Instinct - Michael Douglas & Sharon Stone
52.4%
Bonnie and Clyde - Warren Beatty & Faye Dunaway
45.3%
The Way We Were - Robert Redford & Barbra Streisand
34.9%
Love Story - Ali MacGraw & Ryan O'Neal
29.3%
Crocodile Dundee - Linda Kozlowski & Paul Hogan
14.2%

From the Vault

Sporclin' Through the '60s

by kfastic

This will leave you feeling groovy.
Remove Ads.
Support Sporcle.
Get the best of Sporcle when you Go Orange. This ad-free experience offers more features, more stats, and more fun while also helping to support Sporcle. Thank you for becoming a member.

Show Comments

Extras

Top Quizzes Today


Score Distribution

Your Account Isn't Verified!

In order to create a playlist on Sporcle, you need to verify the email address you used during registration. Go to your Sporcle Settings to finish the process.

Report this User

Report this user for behavior that violates our Community Guidelines.

Details: